00513nam a2200157Ia 450000500170000000800410001704100080005808200160006610000270008224500220010926000430013130000090017465000220018399900190020595201310022420250729165746.0250729s2012 xx 000 0 und d aeng a372.25 UMAS aDr.Umadevi M R9232275 aSpecial Education aNew DelhibNeelkamal Publicationc2012 a280p aEducation9232276 c239701d239701 00104070aALbALd2025-07-29eManagement Bookg395.00l0o372.25 UMASpBED05020r2025-07-29 16:57:46v395.00w2025-07-29yBK